00872 2200229 4500001002100000005001700021008004100038035002400079082001000103090002100113100002100134245020500155260002800360300003200388500013100420500002700551650002500578850000900603985000600612986000900618999001500627YOGYA-0209000007210620090227093611.0 ind  0010-020900000072106 a613.1 a613.1bJan HlSk aJANUARTI, Arkana aHubungan tingkat pengetahuan penduduk tentang kesehatan lingkungan dengan kebiasaan buang air besar mandi dan mencuci di sungaidi dusun Mlangi Nogotirto Gamping Sleman Yogyakartacoleh Arkana Januarti aYogyakartab[s.n]c1996 avii,51[7]lembarbilusc30cm aKarya tulis ilmiah pendidikan ahlui Madya sanitasi dan Kesehatan Lingkungan Departemen Kesehatan Republik Indonesia Yogyakarta aBibliografi:lembar[45] aKesehatan Lingkungan aBPAD a1 aheru a08A0036091